00814nam a2200205Ia 4500003000900000008004100009020001800050040001600068080002300084111008700107245019700194260004800391300001600439490006100455650001300516650001300529650001300542650002400555700002900579IN-BaIIA211028s9999 xx 000 0 eng d a0-521-84908-X cIIA Library a082.2:52bIAU-C195 aColloquium of the International Astronomical Unionn195thcItaliad2004 Mar. 12-16 0aOutskrits of galaxy clusters-intense life in the suburbsbproceedings of IAU Colloquium 195 held in Torino, Italia, 12-16 Mar 2004cedited by Antonaldo Diaferio  aCambridgebCambridge University Pressc2005 axxii, 560p. aIAU symposium and colloquium proceedings series; no. 195 aClusters aCongress aGalaxies aMathematical models aDiaferio, Antonaldo, ed.